Lessons in teaching grammar in primary schools
Saved in:
| Main Author: | |
|---|---|
| Format: | Book |
| Language: | English |
| Published: |
learning Matters, Sage Publications,
2014
|
| Tags: |
Add Tag
No Tags, Be the first to tag this record!
|
MARC
| LEADER | 00000nam a22000007a 4500 | ||
|---|---|---|---|
| 008 | 210415b ||||| |||| 00| 0 eng d | ||
| 020 | |a 978-1-4462-8571-8 | ||
| 100 | |a HORTON, Suzanne. | ||
| 245 | |a Lessons in teaching grammar in primary schools |c Suzanne Horton and Branwen Bingle |g .vii, 179p. | ||
| 260 | |b learning Matters, Sage Publications, |c 2014 |h Los Angeles: |i 692535 |i 692535 |l LB1529 .G7H78 |m English language – Grammar – Study and teaching (Primary) – Great Britain. |m English language – Composition and exercises – Study and teaching (Primary) – Great Britain. | ||
| 500 | |a “It includes references and index”. | ||
| 942 | |a lcc |c BK |e Adeniran F. A |f 15/04/2021 | ||
| 952 | |0 0 |1 0 |2 lcc |4 0 |6 LB1529 G7 H78 |7 0 |9 2138 |a HOL |b ART |c AF |d 2021-04-15 |l 0 |o LB1529 .G7H78 |p 2021-5992 |r 2021-04-15 00:00:00 |w 2021-04-15 |y BK | ||
| 952 | |0 0 |1 0 |2 lcc |4 0 |6 LB1529 G7 H78 |7 0 |9 2139 |a HOL |b HOL |c AF |d 2021-04-15 |l 0 |o LB1529 .G7H78 |p 2021-5993 |r 2021-04-15 00:00:00 |w 2021-04-15 |y BK | ||
| 999 | |c 1111 |d 1111 | ||